| 000 | 01312ngm a2200289 4500 | ||
|---|---|---|---|
| 003 | dpl | ||
| 005 | 20090316170313.0 | ||
| 007 | DVD | ||
| 008 | ||||||sp199 xxu|||||c ||| 00| 0 ng d | ||
| 010 | _aDVD-001798-1799 | ||
| 024 |
_aVENT 0022 _c79.00 |
||
| 035 | _aDVD-001798-1799 | ||
| 040 |
_aDPL _cDPL |
||
| 082 | _aDVD / MIND | ||
| 245 |
_aMind Your Language - 4 / _cIndus Video Presents _h[videorecording] DVD/ |
||
| 260 | _bMoserbaer Entertainment | ||
| 300 |
_a2 videodisc VCD; _bsd., col. ; _c4 3/4 in. _fVCD |
||
| 440 | _aMoserbaer Home Entertainment | ||
| 500 | _aMoserbaer India Ltd. has obtained the necessary licence/conssent from the owner of the copyright in the wroks for making this DVD Film. | ||
| 500 | _aThe Most Hilarous Comedy Show Ever | ||
| 538 | _aDolby Digital 5.1 -Englishi Subtitles: English | ||
| 650 | _aMotion Picture | ||
| 942 |
_cCF _2ddc _hDVD _mMIND |
||
| 999 |
_c25279 _d25279 |
||